Riconosci lo Stato - Quiz n°60 - Statistics

Statistiche generali
  • Questo quiz è stato fatto 36 volte
  • Il punteggio medio è 11 su 13
Statistiche sulle risposte
Indizio Risposta % Corretto
Valuta Lek
93%
Indipendenza dall'Impero ottomano, 28 novembre 1912
90%
Superficie 28 748 km²
87%
Presidente della Repubblica Bajram Begaj
87%
Popolazione 2 761 785 ab.
83%
Forma di Governo Repubblica parlamentare
83%
Iniziale della Capitale T
83%
Fuso Orario UTC+1 UTC+2 (in ora legale)
83%
ISU 0,800
80%
Tasso di crescita -1,1%
80%
PIL (nominale) 23,100 milioni di $
80%
Primo ministro Edi Rama
80%
Risposta Albania
73%
Nessun quiz corrispondente trovato
Distribuzione punteggi
Percentuale di utenti per punteggio
Percentile per numero di risposta
I tuoi punteggi nel tempo
Non hai fatto questo quiz